Walter Benjamin: escritor revolucionario
Guardat en:
| Autor principal: | |
|---|---|
| Format: | Llibre |
| Idioma: | espanyol |
| Publicat: |
Buenos Aires, Argentina
La Marca
2014
|
| Col·lecció: | Biblioteca de la Mirada
|
| Matèries: | |
| Etiquetes: |
Afegir etiqueta
Sense etiquetes, Sigues el primer a etiquetar aquest registre!
|
MARC
| LEADER | 00000cam a2200000 a 4500 | ||
|---|---|---|---|
| 001 | UCD2965 | ||
| 003 | CL-VaPUC | ||
| 005 | 20211223074325.0 | ||
| 008 | 160520e20140000ag |||||||||||||||||spa|d | ||
| 999 | |c 364074 |d 364072 | ||
| 020 | |a 9789508892591 | ||
| 040 | |c Pontificia Universidad Católica de Valparaíso | ||
| 082 | 0 | 4 | |a 190 BUC 2014 |2 21 |
| 100 | 0 | |a Buck-Morss, Susan |9 586362 | |
| 245 | 1 | 0 | |a Walter Benjamin: escritor revolucionario |
| 260 | 0 | 3 | |a Buenos Aires, Argentina |b La Marca |c 2014 |
| 300 | |a 299 páginas | ||
| 490 | 0 | |a Biblioteca de la Mirada | |
| 583 | |a last modification |c 20160520 11:34:00 |k Rodrigo Vera | ||
| 650 | 0 | |a Filosofía contemporánea |9 265372 | |
| 650 | 0 | |a Filosofía europea |9 347047 | |
| 650 | 0 | |a Dialéctica |9 257902 | |
| 650 | 0 | |a Escuelas filosóficas |9 266232 | |
| 650 | 7 | |a TEORIA FILOSOFICA |2 CL-VaPUC |9 497750 | |
| 942 | |c BK |2 ddc | ||
| 945 | |d 20160520 11:34:00 |a dcastane | ||
| 952 | |0 0 |1 0 |2 ddc |3 erb |4 0 |6 190_000000000000000_BUC_2014 |7 0 |8 A |9 476986 |a FDOPOS |b FDOPOS |i 5287391 |o 190 BUC 2014 |p 5287391 |r 2025-01-22 |t 1 |w 2019-11-24 |y BK |z Catalogado en:20160520 |k MLH | ||